Banderas de los departamentos de Guatemala - Estadísticas

Estadísticas generales
  • Esta prueba ha sido intentada 13 veces
  • La puntuación promedio es 11 de 22
Estadísticas de respuestas
Imagen Respuesta % Correcto
Quetzaltenango
100%
Baja Verapaz
67%
El Progreso
67%
Escuintla
67%
Izabal
67%
Petén
67%
Retalhuléu
67%
Sacatepéquez
67%
San Marcos
67%
Santa Rosa
67%
Suchitepéquez
67%
Zacapa
67%
Alta Verapaz
33%
Chimaltenango
33%
Chiquimula
33%
Huehuetenango
33%
Jalapa
33%
Jutiapa
33%
Quiché
33%
Sololá
33%
Totonicapán
33%
Departamento de Guatemala
0%
No se encontraron pruebas coincidentes
Distribución de puntuación
Porcentaje de gente con cada puntuación
Porcentaje por número respondido
Historial de tus puntuaciones
No has intentado esta prueba.